Quizzes
Events
Quiz Creation
Community
Videos
Private Events
Remove Ads
Sign In
Join for FREE
Feedback
Dark Mode
Quiz Categories
Sports
Geography
Music
Movies
Television
Just For Fun
Miscellaneous
History
Literature
Language
Science
Gaming
Entertainment
Religion
Holiday
For Kids
Quiz Lab
Recent
Popular Today
Quiz Kudos Today
Editor Picks
Curator Picks
Quizzes by...
Day
Popularity
Type
Ratings
Length
Year
Community
Subscriptions
Recent Discussions
Orange Saloon
Badges
Playlists
Quests
Create
Leaderboards
Showdown
Live 5
Trivia Bingo
Activity
Puzzle Library
Sporcle Events
Private Events
Virtual Trivia
Globe League
Become a Host
Pub Owners
SporcleCon
Opinionation
Our Games
Videos
Blog
Mobile Apps
Partnerships
Remove Ads and Go Orange
Feedback
Sports
Athletes
MLB
NBA
NHL
NFL
Soccer
Sports Teams
WWE
NCAA
Football
Premier League
Basketball
Baseball
Hockey
Golf
Tennis
Cricket
Rugby
Auto Racing
Olympics
World Cup
Sports
Athletes
MLB
NBA
NHL
NFL
Soccer
Sports Teams
WWE
NCAA
Football
Premier League
Basketball
Baseball
Hockey
Golf
Tennis
Cricket
Rugby
Auto Racing
Olympics
World Cup
Random Quiz
Search Sporcle
×
Quiz Lab
Quiz Lab
Sports
Type in answers that appear in a list
Type in answers that appear in a list
Classic
Best Score? Go Orange.
Kadrowicze Adama Nawałki Stats
Kadrowicze Adama Nawałki
By
weszlocom
18m
80 Questions
17.9K Plays
17,922 Plays
17,922 Plays
Comments
Comments
Give Quiz Kudos
Give Quiz Kudos
-
- Ratings
hide this ad
Replay
Link that replays current quiz
Next Quiz
Link to next quiz in quiz playlist
You Got
0%
They Got
Avg Score
58%
Avg Friend Score
Upgrade to see
Score Distribution
Jump to the score distribution portion of the page
Score
0/80
Timer
18:00
1
Play Today
Obecny klub
Imię i nazwisko
% Correct
Bayern Monachium
Robert Lewandowski
95.9%
West Ham United
Łukasz Fabiański
93.9%
Wisła Kraków
Jakub Błaszczykowski
93.8%
Benevento
Kamil Glik
93.4%
Juventus
Wojciech Szczęsny
93.1%
Olympique Marsylia
Arkadiusz Milik
92.6%
LKS Goczałkowice-
Zdrój
Łukasz Piszczek
91.6%
Legia Warszawa
Artur Boruc
91.3%
Pogoń Szczecin
Kamil Grosicki
90.4%
Legia Warszawa
Artur Jędrzejczyk
89.6%
Southampton
Jan Bednarek
89.1%
Jagiellonia Białystok
Michał Pazdan
89.1%
FK Krasnodar
Grzegorz Krychowiak
88.3%
Napoli
Piotr Zieliński
87.5%
Sampdoria
Bartosz Bereszyński
87.2%
Lokomotiw Moskwa
Maciej Rybus
86.3%
Torino
Karol Linetty
85.9%
Śląsk Wrocław
Krzysztof Mączyński
85.8%
Wieczysta Kraków
Sławomir Peszko
83.4%
Millwall
Bartosz Białkowski
79.8%
Bologna
Łukasz Skorupski
78.7%
Reggina
Thiago Cionek
76.3%
RC Lens
Przemysław Frankowski
75%
Kajrat Ałmaty
Jacek Góralski
74.5%
Vicenza
Łukasz Teodorczyk
73.1%
FC Kopenhaga
Kamil Wilczek
73%
Legia Warszawa
Bartosz Kapustka
72.6%
Schalke 04
Marcin Kamiński
71.9%
Dynamo Kijów
Tomasz Kędziora
71.4%
Fortuna Dusseldorf
Dawid Kownacki
70.9%
Piast Gliwice
Tomasz Jodłowiec
68.9%
(koniec kariery)
Sebastian Mila
68.3%
Leeds United
Mateusz Klich
67.4%
Union Berlin
Paweł Wszołek
66.9%
(koniec kariery)
Jakub Wawrzyniak
64.6%
Aris Limassol
Mariusz Stępiński
63%
Wisła Płock
Rafał Wolski
60.3%
Crystal Palace
Jarosław Jach
58.8%
Lech Poznań
Bartosz Salamon
58.7%
Chongqing Liangjiang
Adrian Mierzejewski
58.3%
Obecny klub
Imię i nazwisko
% Correct
(koniec kariery)
Łukasz Szukała
57.8%
Pogoń Szczecin
Michał Kucharczyk
56.8%
(bez klubu)
Przemysław Tytoń
56.3%
Hellas Verona
Paweł Dawidowicz
55%
Zagłębie Lubin
Filip Starzyński
55%
Pogoń Szczecin
Damian Dąbrowski
54.6%
Jagiellonia Białystok
Taras Romanczuk
54.4%
Pogoń Szczecin
Rafał Kurzawa
52.6%
(koniec kariery)
Paweł Brożek
52.5%
Nagoya Grampus
Jakub Świerczok
52.2%
Śląsk Wrocław
Waldemar Sobota
50.9%
Lech Poznań
Artur Sobiech
49.4%
Znicz Pruszków
Igor Lewczuk
48.1%
Gazisehir Gaziantep
Paweł Olkowski
47.2%
(koniec kariery)
Ludovic Obraniak
45.8%
Zagłębie Sosnowiec
Szymon Pawłowski
45%
Śląsk II Wrocław
Piotr Celeban
43.9%
(bez klubu)
Maciej Makuszewski
43.9%
Chennaiyin FC
Ariel Borysiuk
43.2%
(koniec kariery)
Eugen Polanski
41.7%
Radunia Stężyca
Rafał Kosznik
41.7%
Chrobry Głogów
Rafał Leszczyński
41.6%
(bez klubu/
koniec kariery)
Marcin Robak
41.6%
Wisła Płock
Jakub Rzeźniczak
40.8%
Mamry Giżycko
Łukasz Broź
39.6%
Jagiellonia Białystok
Michał Żyro
39.2%
Lublinianka Lublin
Tomasz Brzyski
35.2%
(koniec kariery)
Grzegorz Wojtkowiak
31.9%
(koniec kariery)
Marcin Kowalczyk
31.1%
ŁKS Łódź
Adam Marciniak
30.2%
LKS Goczałkowice-
Zdrój
Piotr Ćwielong
30%
Śląsk Wrocław
Wojciech Golla
29.2%
(bez klubu)
Maciej Wilusz
28.4%
(koniec kariery)
Marcin Komorowski
28%
Zagłębie Sosnowiec
Michał Masłowski
26.3%
Wieczysta Kraków
Michał Miśkiewicz
26.1%
(koniec kariery)
Łukasz Madej
24.8%
(bez klubu)
Mateusz Zachara
23.8%
Unia Racibórz
Dawid Plizga
22.8%
(bez klubu/
koniec kariery)
Adam Kokoszka
19.9%
Quiz Playlist
Details
Report
Send in Message
Add To Playlist
Classic:
Type in answers that appear in a list
Last Updated: Jan 19, 2022
Quiz Scoreboard
CHALLENGE
Sign Up to Join the Scoreboard
Show All
Scores
Hide
Comments
May contain spoilers
Recently Published
Billboard Blitz: Fleetwood Mac
by CooCooCachoo
Music
15s
Presidents Visiting Landmarks
by Hejman
History
7m
An Introduction to Baseball
by treessimontrees
Sports
5m
More to Explore
Quiz From the Vault
Featured Blog Post
Where Did the Easter Bunny Come From?
hide this ad
You Might Also Like...
Tags
This quiz does not have any tags.
Today's Top Quizzes in Sports
Browse Sports
hide this ad
Top Contributed Quizzes in Sports
1
Les meilleurs buteurs des matchs entre le PSG et l’OM
2
2022 World Cup Stars
3
FIFA Club World Cup Champions
4
Les entraîneurs de l'OM et du PSG au 21e siècle
5
Criteria MLB: Left Handed Sluggers
6
Name the Premier League winners with different clubs
7
5-to-1: UK Sports Teams
8
AFC Teams Reveal (Wrong Answers Minefield)
9
Players with Multiple 50 Home Run Seasons
10
5-to-1: FBS Animal Nicknames
Explore More
Trending Topics
Kpop
Anime
Marvel
Crossword
Disney
NBA
Harry Potter
WWE
Soccer
Song
NFL
Country
The Office
Puzzle
Pokémon
hide this ad
More By:
weszlocom
Quiz
Plays
Rating
Category
Featured
Created
Polacy, którzy strzelali w Lidze Mistrzów
54,506
3.67
Sports
Nov 26, 2019
Kadrowicze Sousy
48,835
1.80
Sports
Oct 7, 2021
Laureaci Złotej Piłki
48,617
3.00
Sports
Dec 5, 2018
Wygrał Ligę Mistrzów czy nie?
48,130
5.00
Sports
Sep 3, 2020
Polacy w La Liga
41,216
Sports
Apr 30, 2020
Go to Creator's Profile
Score Distribution
Quiz Creator Spotlight
weszlocom
Follow
Send a Message
Quizzes Created
-
Created Quiz Play Count
-
More By This Creator
Popular Quizzes Today
1
Find the US States - No Outlines Minefield
2
Find the Countries of Europe - No Outlines Minefield
3
The Countries of the World
4
Find the US States
5
US States
6
Risky Map Clicking: Biggest States A-Z
7
Popular People in 1961
8
Movies - When Are They Set?
More Sports Quizzes
Liverpool's Premier League XI's of the Decade
Quiz Lab
Trending Quizzes
Risky Map Clicking: Least Populous States A-Z
1-10 Letter G Words
1-10 Letter F Words
Risky Map Clicking: Next State Alphabetically
Risky Map Clicking: Biggest States A-Z
Recently Updated
Leaping Animals
pecheneg
Reality TV Shows (A-Z)
bhenderson79
Rickey Henderson's Hall of Fame Teammates
pecheneg
Champions League XIs: Arsenal
pecheneg
Quick Pick: Celebrities in WWE's Hall of Fame
aduchscher
A-Z Keypad Blitz II
pecheneg
Multiple Oscar Actors
pecheneg
Mystery Phrase Blitz: Oscar 'Best Actors'
pecheneg
F. Scott Fitzgerald Novels
LTH
Pick 3 Villains
ddd62291
Trending Topics
Disney
Crossword
Harry Potter
Marvel
NBA
Anime
Kpop
Song
NFL
Country
Soccer
Pokémon
Puzzle
The Office
WWE
Your Account Isn't Verified!
In order to create a playlist on Sporcle, you need to verify the email address you used during registration. Go to your
Sporcle Settings
to finish the process.
Report this User
Report this user for behavior that violates our
Community Guidelines
.
Details:
Send Report
Go to the Sporcle.com Mobile Site →
Comments